000 00954nam a2200205 i 4500
001 77887
003 BD-RjUL
005 20211209083047.0
008 210207s1984 le ||| | ara d
035 _a(BD-RjUL)78113)
040 _aUkOxU
_beng
_erda
_cUkOxU
041 _aara
082 _223
_a297.12509072
_bABH 1984
100 1 _aأبو زهو, محمد محمود Abū Zahw, Muḥammad Muḥammad,
_eauthor.
_9244478
245 1 4 _aالحديث والمحدثون : او عناية الأمة الاسلامية بالسنة النبوية al-Ḥadīth wa-al-muḥaddithūn : aw, ʻInāyat al-ummah al-Islāmīyah bi-al-sunnah al-Nabawīyah /:
_cمحمد محمود أبو زهو Muḥammad Muḥammad Abū Zahw.
264 1 _aBayrūt :بيروت :
_bAl Maktabat al Tawfiqiyah, دار الكتاب العربي,
_c1378 (h)1984
300 _a[14], 495 pages ;
_c25 cm
650 0 _aHadith -- Study and teaching
_vHistory.
_9244479
942 _2ddc
_cBK
999 _c77887
_d77887